Ballon d'Or Top Ten All-Time - Statistics

General Stats
  • This quiz has been taken 750 times
  • The average score is 352 of 694
Answer Stats
% Correct
2023 1 Argentina Lionel Messi Paris Saint-Germain/Inter Miami
100%
2021 1 Argentina Lionel Messi Barcelona/Paris Saint-Germain
100%
2019 1 Argentina Lionel Messi Barcelona
100%
2018 5 Argentina Lionel Messi Barcelona
100%
2017 2 Argentina Lionel Messi Barcelona
100%
2016 2 Argentina Lionel Messi Barcelona
100%
2015 1 Argentina Lionel Messi Barcelona
100%
2014 2 Argentina Lionel Messi Barcelona
100%
2013 2 Argentina Lionel Messi Barcelona
100%
2012 1 Argentina Lionel Messi Barcelona
100%
2011 1 Argentina Lionel Messi Barcelona
100%
2010 1 Argentina Lionel Messi Barcelona
100%
2009 1 Argentina Lionel Messi Barcelona
100%
2008 2 Argentina Lionel Messi Barcelona
100%
2007 3 Argentina Lionel Messi Barcelona
100%
2023 2 Norway Erling Haaland Manchester City
98%
2022 10 Norway Erling Haaland Borussia Dortmund
98%
2023 3 France Kylian Mbappe Paris Saint-Germain
98%
2022 6 France Kylian Mbappe Paris Saint-Germain
98%
2021 9 France Kylian Mbappe Paris Saint-Germain
98%
2019 6 France Kylian Mbappe Paris Saint-Germain
98%
2018 4 France Kylian Mbappe Paris Saint-Germain
98%
2017 7 France Kylian Mbappe Monaco/Paris Saint-Germain
98%
2021 6 Portugal Cristiano Ronaldo Juventus/Manchester United
97%
2019 3 Portugal Cristiano Ronaldo Juventus
97%
2018 2 Portugal Cristiano Ronaldo Real Madrid/Juventus
97%
2017 1 Portugal Cristiano Ronaldo Real Madrid
97%
2016 1 Portugal Cristiano Ronaldo Real Madrid
97%
2015 2 Portugal Cristiano Ronaldo Real Madrid
97%
2014 1 Portugal Cristiano Ronaldo Real Madrid
97%
2013 1 Portugal Cristiano Ronaldo Real Madrid
97%
2012 2 Portugal Cristiano Ronaldo Real Madrid
97%
2011 2 Portugal Cristiano Ronaldo Real Madrid
97%
2010 6 Portugal Cristiano Ronaldo Real Madrid
97%
2009 2 Portugal Cristiano Ronaldo Manchester United/Real Madrid
97%
2008 1 Portugal Cristiano Ronaldo Manchester United
97%
2007 2 Portugal Cristiano Ronaldo Manchester United
97%
2023 10 Croatia Luka Modric Real Madrid
97%
2022 9 Croatia Luka Modric Real Madrid
97%
2018 1 Croatia Luka Modric Real Madrid
97%
2017 5 Croatia Luka Modric Real Madrid
97%
2023 4 Belgium Kevin De Bruyne Manchester City
96%
2022 3 Belgium Kevin De Bruyne Manchester City
96%
2021 8 Belgium Kevin De Bruyne Manchester City
96%
2018 9 Belgium Kevin De Bruyne Manchester City
96%
2002 1 Brazil Ronaldo Inter Milan/Real Madrid
96%
1998 3 Brazil Ronaldo Inter Milan
96%
1997 1 Brazil Ronaldo Barcelona/Inter Milan
96%
1996 2 Brazil Ronaldo PSV/Barcelona
96%
2023 5 Spain Rodri Manchester City
95%
2022 1 France Karim Benzema Real Madrid
94%
2021 4 France Karim Benzema Real Madrid
94%
2022 5 Egypt Mohamed Salah Liverpool
94%
2021 7 Egypt Mohamed Salah Liverpool
94%
2019 5 Egypt Mohamed Salah Liverpool
94%
2018 6 Egypt Mohamed Salah Liverpool
94%
2022 4 Poland Robert Lewandowski Bayern Munich
94%
2021 2 Poland Robert Lewandowski Bayern Munich
94%
2019 8 Poland Robert Lewandowski Bayern Munich
94%
2017 9 Poland Robert Lewandowski Bayern Munich
94%
2015 4 Poland Robert Lewandowski Bayern Munich
94%
2022 2 Senegal Sadio Mane Liverpool/Bayern Munich
94%
2019 4 Senegal Sadio Mane Liverpool
94%
2023 6 Brazil Vinicius Junior Real Madrid
94%
2022 8 Brazil Vinicius Junior Real Madrid
94%
2023 9 Portugal Bernardo Silva Manchester City
93%
2019 9 Portugal Bernardo Silva Manchester City
93%
2017 3 Brazil Neymar Barcelona/Paris Saint-Germain
93%
2016 5 Brazil Neymar Barcelona
93%
2015 3 Brazil Neymar Barcelona
93%
2014 7 Brazil Neymar Barcelona
93%
2013 5 Brazil Neymar Santos/Barcelona
93%
2011 10 Brazil Neymar Santos
93%
2002 3 Germany Oliver Kahn Bayern Munich
93%
2001 3 Germany Oliver Kahn Bayern Munich
93%
2018 3 France Antoine Griezmann Atletico Madrid
92%
2016 3 France Antoine Griezmann Atletico Madrid
92%
2016 6 Wales Gareth Bale Real Madrid
92%
2013 9 Wales Gareth Bale Tottenham Hotspur/Real Madrid
92%
2016 4 Uruguay Luis Suarez Barcelona
92%
2015 5 Uruguay Luis Suarez Barcelona
92%
2011 6 Uruguay Luis Suarez Ajax/Liverpool
92%
1965 3 Spain Luis Suarez Inter Milan
92%
1964 2 Spain Luis Suarez Inter Milan
92%
1963 8 Spain Luis Suarez Inter Milan
92%
1961 2 Spain Luis Suarez Barcelona/Inter Milan
92%
1960 1 Spain Luis Suarez Barcelona
92%
1959 4 Spain Luis Suarez Barcelona
92%
2015 9 Spain Andres Iniesta Barcelona
91%
2013 6 Spain Andres Iniesta Barcelona
91%
2012 3 Spain Andres Iniesta Barcelona
91%
2011 4 Spain Andres Iniesta Barcelona
91%
2010 2 Spain Andres Iniesta Barcelona
91%
2009 4 Spain Andres Iniesta Barcelona
91%
2019 10 Algeria Riyad Mahrez Manchester City
91%
2016 7 Algeria Riyad Mahrez Leicester City
91%
2019 2 Netherlands Virgil van Dijk Liverpool
91%
2012 4 Spain Xavi Hernandez Barcelona
91%
2011 3 Spain Xavi Hernandez Barcelona
91%
2010 3 Spain Xavi Hernandez Barcelona
91%
2009 3 Spain Xavi Hernandez Barcelona
91%
2008 5 Spain Xavi Hernandez Barcelona
91%
2018 8 Belgium Eden Hazard Chelsea
90%
2015 8 Belgium Eden Hazard Chelsea
90%
2018 10 England Harry Kane Tottenham Hotspur
90%
2017 10 England Harry Kane Tottenham Hotspur
90%
2015 6 Germany Thomas Muller Bayern Munich
90%
2014 5 Germany Thomas Muller Bayern Munich
90%
1976 9 West Germany Gerd Muller Bayern Munich
89%
1974 7 West Germany Gerd Muller Bayern Munich
89%
1973 3 West Germany Gerd Muller Bayern Munich
89%
1972 2 West Germany Gerd Muller Bayern Munich
89%
1971 6 West Germany Gerd Muller Bayern Munich
89%
1970 1 West Germany Gerd Muller Bayern Munich
89%
1969 3 West Germany Gerd Muller Bayern Munich
89%
1967 7 West Germany Gerd Muller Bayern Munich
89%
1980 8 West Germany Hansi Muller Stuttgart
89%
2022 7 Belgium Thibaut Courtois Real Madrid
89%
2013 4 Sweden Zlatan Ibrahimovic Paris Saint-Germain
89%
2012 10 Sweden Zlatan Ibrahimovic Milan/Paris Saint-Germain
89%
2009 7 Sweden Zlatan Ibrahimovic Inter Milan/Barcelona
89%
2008 8 Sweden Zlatan Ibrahimovic Inter Milan
89%
2007 7 Sweden Zlatan Ibrahimovic Inter Milan
89%
2005 8 Sweden Zlatan Ibrahimovic Juventus
89%
2012 8 Ivory Coast Didier Drogba Chelsea/Shanghai Shenhua
88%
2010 9 Ivory Coast Didier Drogba Chelsea
88%
2009 9 Ivory Coast Didier Drogba Chelsea
88%
2007 4 Ivory Coast Didier Drogba Chelsea
88%
2006 8 Ivory Coast Didier Drogba Chelsea
88%
2017 4 Italy Gianluigi Buffon Juventus
88%
2016 9 Italy Gianluigi Buffon Juventus
88%
2006 2 Italy Gianluigi Buffon Juventus
88%
2003 9 Italy Gianluigi Buffon Juventus
88%
2015 7 Germany Manuel Neuer Bayern Munich
88%
2014 3 Germany Manuel Neuer Bayern Munich
88%
2021 5 France N'Golo Kante Chelsea
88%
2017 8 France N'Golo Kante Chelsea
88%
2014 9 Germany Toni Kroos Bayern Munich/Real Madrid
88%
2023 8 Nigeria Victor Osimhen Napoli
88%
2014 4 Netherlands Arjen Robben Bayern Munich
87%
2013 8 Netherlands Arjen Robben Bayern Munich
87%
2016 8 England Jamie Vardy Leicester City
87%
2021 3 Italy Jorginho Chelsea
87%
2006 4 Brazil Ronaldinho Barcelona
87%
2005 1 Brazil Ronaldinho Barcelona
87%
2004 3 Brazil Ronaldinho Barcelona
87%
2011 8 Cameroon Samuel Eto'o Inter Milan/Anzhi Makhachkala
87%
2009 5 Cameroon Samuel Eto'o Barcelona/Inter Milan
87%
2006 6 Cameroon Samuel Eto'o Barcelona
87%
2005 10 Cameroon Samuel Eto'o Barcelona
87%
2013 3 France Franck Ribery Bayern Munich
86%
2014 8 Colombia James Rodriguez Monaco/Real Madrid
86%
2014 6 Germany Philipp Lahm Bayern Munich
86%
2006 5 France Zinedine Zidane Real Madrid
86%
2003 5 France Zinedine Zidane Real Madrid
86%
2002 4 France Zinedine Zidane Real Madrid
86%
2001 9 France Zinedine Zidane Real Madrid
86%
2000 2 France Zinedine Zidane Juventus
86%
1998 1 France Zinedine Zidane Juventus
86%
1997 3 France Zinedine Zidane Juventus
86%
2015 10 Chile Alexis Sanchez Arsenal
85%
2017 6 Spain Sergio Ramos Real Madrid
85%
2006 3 France Thierry Henry Arsenal
85%
2005 4 France Thierry Henry Arsenal
85%
2004 4 France Thierry Henry Arsenal
85%
2003 2 France Thierry Henry Arsenal
85%
2002 6 France Thierry Henry Arsenal
85%
2001 9 France Thierry Henry Arsenal
85%
2000 4 France Thierry Henry Arsenal
85%
2011 5 England Wayne Rooney Manchester United
85%
2009 8 England Wayne Rooney Manchester United
85%
2004 8 England Wayne Rooney Everton
85%
2021 10 Italy Gianluigi Donnarumma Milan/Paris Saint-Germain
84%
2009 10 England Steven Gerrard Liverpool
84%
2008 10 England Steven Gerrard Liverpool
84%
2005 3 England Steven Gerrard Liverpool
84%
2014 10 Argentina Angel Di Maria Real Madrid/Manchester United
83%
2023 7 Argentina Julian Alvarez Manchester City
83%
2009 6 Brazil Kaka Milan/Real Madrid
83%
2008 9 Brazil Kaka Milan
83%
2007 1 Brazil Kaka Milan
83%
2005 9 Brazil Kaka Milan
83%
1968 10 Spain Pirri Real Madrid
83%
1967 10 Spain Pirri Real Madrid
83%
2013 7 Netherlands Robin van Persie Manchester United
83%
2012 9 Netherlands Robin van Persie Arsenal/Manchester United
83%
2018 7 France Raphael Varane Real Madrid
82%
2008 3 Spain Fernando Torres Liverpool
81%
2005 2 England Frank Lampard Chelsea
81%
2012 6 Spain Iker Casillas Real Madrid
81%
2011 9 Spain Iker Casillas Real Madrid
81%
2010 7 Spain Iker Casillas Real Madrid
81%
2008 4 Spain Iker Casillas Real Madrid
81%
2016 9 Portugal Pepe Real Madrid
81%
2013 10 Italy Andrea Pirlo Juventus
80%
2012 7 Italy Andrea Pirlo Juventus
80%
2007 5 Italy Andrea Pirlo Milan
80%
2006 9 Italy Andrea Pirlo Milan
80%
2005 5 Ukraine Andriy Shevchenko Milan
80%
2004 1 Ukraine Andriy Shevchenko Milan
80%
2003 4 Ukraine Andriy Shevchenko Milan
80%
2001 8 Ukraine Andriy Shevchenko Milan
80%
2000 3 Ukraine Andriy Shevchenko Milan
80%
1999 3 Ukraine Andriy Shevchenko Milan
80%
2001 6 Portugal Luis Figo Real Madrid
80%
2000 1 Portugal Luis Figo Barcelona/Real Madrid
80%
1999 5 Portugal Luis Figo Barcelona
80%
2019 7 Brazil Alisson Becker Liverpool
79%
2006 1 Italy Fabio Cannavaro Juventus/Real Madrid
79%
1966 10 Portugal Jose Torres Benfica
79%
2005 6 Italy Paolo Maldini Milan
79%
2003 3 Italy Paolo Maldini Milan
79%
2000 10 Italy Paolo Maldini Milan
79%
1995 7 Italy Paolo Maldini Milan
79%
1994 3 Italy Paolo Maldini Milan
79%
1993 7 Italy Paolo Maldini Milan
79%
2011 7 Uruguay Diego Forlan Atletico Madrid/Inter Milan
78%
2010 5 Uruguay Diego Forlan Atletico Madrid
78%
2007 10 Italy Francesco Totti Roma
78%
2001 5 Italy Francesco Totti Roma
78%
2001 1 England Michael Owen Liverpool
78%
1998 4 England Michael Owen Liverpool
78%
2004 7 Czech Republic Pavel Nedved Juventus
78%
2003 1 Czech Republic Pavel Nedved Juventus
78%
2010 4 Netherlands Wesley Sneijder Inter Milan
78%
2003 10 England David Beckham Manchester United/Real Madrid
77%
2001 4 England David Beckham Manchester United
77%
2000 10 England David Beckham Manchester United
77%
1999 2 England David Beckham Manchester United
77%
2010 8 Spain David Villa Valencia/Barcelona
77%
2008 7 Spain David Villa Valencia
77%
2012 5 Colombia Radamel Falcao Atletico Madrid
77%
2003 8 Brazil Roberto Carlos Real Madrid
77%
2002 2 Brazil Roberto Carlos Real Madrid
77%
1997 5 Brazil Roberto Carlos Real Madrid
77%
1970 3 Italy Luigi Riva Cagliari
76%
1969 2 Italy Luigi Riva Cagliari
76%
1968 6 Italy Luigi Riva Cagliari
76%
2002 8 Brazil Rivaldo Barcelona/Milan
76%
2001 7 Brazil Rivaldo Barcelona
76%
2000 6 Brazil Rivaldo Barcelona
76%
1999 1 Brazil Rivaldo Barcelona
76%
1998 5 Brazil Rivaldo Barcelona
76%
2007 6 Netherlands Ruud van Nistelrooy Real Madrid
75%
2004 9 Netherlands Ruud van Nistelrooy Manchester United
75%
2003 6 Netherlands Ruud van Nistelrooy Manchester United
75%
2003 7 Spain Raul Gonzalez Real Madrid
74%
2002 7 Spain Raul Gonzalez Real Madrid
74%
2001 2 Spain Raul Gonzalez Real Madrid
74%
2000 9 Spain Raul Gonzalez Real Madrid
74%
1999 9 Spain Raul Gonzalez Real Madrid
74%
1997 7 Spain Raul Gonzalez Real Madrid
74%
1992 1 Netherlands Marco van Basten Milan
72%
1989 1 Netherlands Marco van Basten Milan
72%
1988 1 Netherlands Marco van Basten Milan
72%
1987 6 Netherlands Marco van Basten Milan
72%
1986 8 Netherlands Marco van Basten Ajax
72%
2004 2 Portugal Deco Porto/Barcelona
71%
2010 10 Spain Xabi Alonso Real Madrid
69%
1977 5 Netherlands Johan Cruyff Barcelona
68%
1976 7 Netherlands Johan Cruyff Barcelona
68%
1975 3 Netherlands Johan Cruyff Barcelona
68%
1974 1 Netherlands Johan Cruyff Barcelona
68%
1973 1 Netherlands Johan Cruyff Ajax/Barcelona
68%
1972 4 Netherlands Johan Cruyff Ajax
68%
1971 1 Netherlands Johan Cruyff Ajax
68%
1970 7 Netherlands Johan Cruyff Ajax
68%
1969 4 Netherlands Johan Cruyff Ajax
68%
1989 7 Netherlands Ruud Gullit Milan
68%
1988 2 Netherlands Ruud Gullit Milan
68%
1987 1 Netherlands Ruud Gullit Milan
68%
2002 10 Italy Alessandro Del Piero Juventus
66%
1996 4 Italy Alessandro Del Piero Juventus
66%
1995 4 Italy Alessandro Del Piero Juventus
66%
2007 8 Spain Cesc Fabregas Arsenal
66%
1995 1 Liberia George Weah Paris Saint-Germain/Milan
66%
1998 8 Netherlands Dennis Bergkamp Arsenal
65%
1997 4 Netherlands Dennis Bergkamp Arsenal
65%
1993 2 Netherlands Dennis Bergkamp Inter Milan
65%
1992 3 Netherlands Dennis Bergkamp Ajax
65%
1994 1 Bulgaria Hristo Stoichkov Barcelona
63%
1992 2 Bulgaria Hristo Stoichkov Barcelona
63%
2006 7 Germany Miroslav Klose Werder Bremen
63%
1999 6 Ireland Roy Keane Manchester United
63%
1996 3 England Alan Shearer Blackburn Rovers/Newcastle United
62%
1996 7 France Eric Cantona Manchester United
62%
1993 3 France Eric Cantona Manchester United
62%
1966 7 Soviet Union Lev Yashin Dynamo Moscow
62%
1964 8 Soviet Union Lev Yashin Dynamo Moscow
62%
1963 1 Soviet Union Lev Yashin Dynamo Moscow
62%
1961 4 Soviet Union Lev Yashin Dynamo Moscow
62%
1960 5 Soviet Union Lev Yashin Dynamo Moscow
62%
1956 5 Soviet Union Lev Yashin Dynamo Moscow
62%
1985 1 France Michel Platini Juventus
61%
1984 1 France Michel Platini Juventus
61%
1983 1 France Michel Platini Juventus
61%
1982 9 France Michel Platini Juventus
61%
1981 4 France Michel Platini Saint-Etienne
61%
1980 3 France Michel Platini Saint-Etienne
61%
1979 5 France Michel Platini Saint-Etienne
61%
1977 3 France Michel Platini Nancy
61%
1976 5 France Michel Platini Nancy
61%
1966 8 England Alan Ball Blackpool/Everton
60%
1999 10 Germany Lothar Matthaus Bayern Munich
60%
1991 2 Germany Lothar Matthaus Inter Milan
60%
1990 1 Germany Lothar Matthaus Inter Milan
60%
1989 4 West Germany Lothar Matthaus Inter Milan
60%
1988 6 West Germany Lothar Matthaus Inter Milan
60%
2002 5 Germany Michael Ballack Bayer Leverkusen/Bayern Munich
60%
1994 2 Italy Roberto Baggio Juventus
60%
1993 1 Italy Roberto Baggio Juventus
60%
1990 8 Italy Roberto Baggio Fiorentina/Juventus
60%
1961 6 Spain Alfredo Di Stefano Real Madrid
59%
1960 4 Spain Alfredo Di Stefano Real Madrid
59%
1959 1 Spain Alfredo Di Stefano Real Madrid
59%
1957 1 Spain Alfredo Di Stefano Real Madrid
59%
1956 2 Spain Alfredo Di Stefano Real Madrid
59%
1961 5 Hungary Ferenc Puskas Real Madrid
59%
1960 2 Hungary Ferenc Puskas Real Madrid
59%
1959 7 Hungary Ferenc Puskas Real Madrid
59%
1956 4 Hungary Ferenc Puskas Budapest Honved
59%
1976 1 West Germany Franz Beckenbauer Bayern Munich
59%
1975 2 West Germany Franz Beckenbauer Bayern Munich
59%
1974 2 West Germany Franz Beckenbauer Bayern Munich
59%
1973 4 West Germany Franz Beckenbauer Bayern Munich
59%
1972 1 West Germany Franz Beckenbauer Bayern Munich
59%
1971 5 West Germany Franz Beckenbauer Bayern Munich
59%
1970 4 West Germany Franz Beckenbauer Bayern Munich
59%
1969 7 West Germany Franz Beckenbauer Bayern Munich
59%
1968 4 West Germany Franz Beckenbauer Bayern Munich
59%
1967 4 West Germany Franz Beckenbauer Bayern Munich
59%
1966 3 West Germany Franz Beckenbauer Bayern Munich
59%
1971 3 Northern Ireland George Best Manchester United
59%
1969 6 Northern Ireland George Best Manchester United
59%
1968 1 Northern Ireland George Best Manchester United
59%
1967 8 Northern Ireland George Best manchest
59%
1998 2 Croatia Davor Suker Real Madrid
58%
1996 6 Croatia Davor Suker Real Madrid
58%
1968 2 England Bobby Charlton Manchester United
57%
1967 2 England Bobby Charlton Manchester United
57%
1966 1 England Bobby Charlton Manchester United
57%
1965 5 England Bobby Charlton Manchester United
57%
1963 8 England Bobby Charlton Manchester United
57%
1961 10 England Bobby Charlton Manchester United
57%
1960 7 England Bobby Charlton Manchester United
57%
1973 7 Portugal Eusebio Benfica
57%
1968 8 Portugal Eusebio Benfica
57%
1967 5 Portugal Eusebio Benfica
57%
1966 2 Portugal Eusebio Benfica
57%
1965 1 Portugal Eusebio Benfica
57%
1964 4 Portugal Eusebio Benfica
57%
1963 5 Portugal Eusebio Benfica
57%
1962 2 Portugal Eusebio Benfica
57%
2000 5 Italy Alessandro Nesta Lazio
56%
1997 8 Denmark Peter Schmeichel Manchester United
56%
1992 5 Denmark Peter Schmeichel Manchester United
56%
1993 9 Wales Ryan Giggs Manchester United
56%
2005 7 Brazil Adriano Inter Milan
55%
2004 6 Brazil Adriano Parma/Inter Milan
55%
1969 10 England Jack Charlton Leeds United
55%
2007 9 Brazil Robinho Real Madrid
55%
2008 6 Russia Andrey Arshavin Zenit
54%
2000 7 Argentina Gabriel Batistuta Roma
54%
1999 4 Argentina Gabriel Batistuta Fiorentina
54%
1998 6 Argentina Gabriel Batistuta Fiorentina
54%
1992 6 Denmark Brian Laudrup Fiorentina
53%
1994 4 Romania Gheorghe Hagi Barcelona
53%
1989 8 Romania Gheorghe Hagi Steaua Bucharest
53%
1995 10 Denmark Michael Laudrup Real Madrid
53%
1993 5 Denmark Michael Laudrup Barcelona
53%
1992 7 Denmark Michael Laudrup Barcelona
53%
1985 4 Denmark Michael Laudrup Juventus
53%
1991 1 France Jean-Pierre Papin Marseille
52%
1989 10 France Jean-Pierre Papin Marseille
52%
1998 7 France Lilian Thuram Parma
52%
1997 10 Germany Matthias Sammer Borussia Dortmund
52%
1996 1 Germany Matthias Sammer Borussia Dortmund
52%
1995 9 Germany Matthias Sammer Borussia Dortmund
52%
2004 9 Portugal Ricardo Carvalho Porto/Chelsea
52%
1992 10 Netherlands Frank Rijkaard Milan
51%
1990 9 Netherlands Frank Rijkaard Milan
51%
1989 3 Netherlands Frank Rijkaard Milan
51%
1988 3 Netherlands Frank Rijkaard Milan
51%
1995 3 Finland Jari Litmanen Ajax
50%
1994 8 Finland Jari Litmanen Ajax
50%
2006 10 Germany Jens Lehmann Arsenal
50%
1998 10 France Marcel Desailly Chelsea
50%
1996 8 France Marcel Desailly Milan
50%
1994 9 France Marcel Desailly Milan
50%
1993 6 Italy Franco Baresi Milan
47%
1990 5 Italy Franco Baresi Milan
47%
1989 2 Italy Franco Baresi Milan
47%
1988 8 Italy Franco Baresi Milan
47%
1992 8 Netherlands Ronald Koeman Barcelona
47%
1988 5 Netherlands Ronald Koeman PSV
47%
1991 6 England Gary Lineker Tottenham Hotspur
45%
1987 5 England Gary Lineker Barcelona
45%
1986 2 England Gary Lineker Everton/Barcelona
45%
1996 5 Germany Jurgen Klinsmann Bayern Munich
45%
1995 2 Germany Jurgen Klinsmann Tottenham Hotspur/Bayern Munich
45%
1994 6 Germany Jurgen Klinsmann Tottenham Hotspur
45%
1990 6 Germany Jurgen Klinsmann Inter Milan
45%
1989 8 West Germany Jurgen Klinsmann Inter Milan
45%
1988 8 West Germany Jurgen Klinsmann Stuttgart
45%
1982 1 Italy Paolo Rossi Juventus
45%
1979 6 Italy Paolo Rossi Perugia
45%
1978 5 Italy Paolo Rossi Vicenza
45%
1998 8 Netherlands Edgar Davids Juventus
44%
1985 5 West Germany Karl-Heinz Rummenigge Inter Milan
44%
1984 8 West Germany Karl-Heinz Rummenigge Inter Milan
44%
1983 8 West Germany Karl-Heinz Rummenigge Bayern Munich
44%
1982 4 West Germany Karl-Heinz Rummenigge Bayern Munich
44%
1981 1 West Germany Karl-Heinz Rummenigge Bayern Munich
44%
1980 1 West Germany Karl-Heinz Rummenigge Bayern Munich
44%
1979 2 West Germany Karl-Heinz Rummenigge Bayern Munich
44%
1983 2 Scotland Kenny Dalglish Liverpool
42%
1978 8 Scotland Kenny Dalglish Liverpool
42%
1995 5 Netherlands Patrick Kluivert Ajax
42%
1972 7 England Bobby Moore West Ham United
41%
1971 10 England Bobby Moore West Ham United
41%
1970 2 England Bobby Moore West Ham United
41%
1966 4 England Bobby Moore West Ham United
41%
1999 8 Argentina Juan Sebastian Veron Lazio
40%
1979 1 England Kevin Keegan Hamburg
40%
1978 1 England Kevin Keegan Hamburg
40%
1977 2 England Kevin Keegan Liverpool/Hamburg
40%
1976 4 England Kevin Keegan Liverpool
40%
1999 7 Italy Christian Vieri Lazio
39%
1997 10 Italy Christian Vieri Atletico Madrid
39%
1986 6 Wales Ian Rush Liverpool
38%
1984 4 Wales Ian Rush Liverpool
38%
1956 1 England Stanley Matthews Blackpool
38%
1960 6 France Raymond Kopa Reims
37%
1959 2 France Raymond Kopa Real Madrid/Reims
37%
1958 1 France Raymond Kopa Real Madrid
37%
1957 3 France Raymond Kopa Real Madrid
37%
1956 3 France Raymond Kopa Reims/Real Madrid
37%
1987 3 Spain Emilio Butragueno Real Madrid
35%
1986 3 Spain Emilio Butragueno Real Madrid
35%
1964 1 Scotland Denis Law Manchester United
32%
1963 4 Scotland Denis Law Manchester United
32%
1982 8 Italy Dino Zoff Juventus
31%
1981 6 Italy Dino Zoff Juventus
31%
1973 2 Italy Dino Zoff Juventus
31%
1958 3 France Just Fontaine Reims
31%
1995 8 Netherlands Marc Overmars Ajax
29%
1997 2 Yugoslavia Predrag Mijatovic Real Madrid
29%
1967 1 Hungary Florian Albert Ferencvaros
27%
1966 5 Hungary Florian Albert Ferencvaros
27%
1965 6 Hungary Florian Albert Ferencvaros
27%
1973 8 Italy Gianni Rivera Milan
27%
1970 10 Italy Gianni Rivera Milan
27%
1969 1 Italy Gianni Rivera Milan
27%
1968 9 Italy Gianni Rivera Milan
27%
1965 7 Italy Gianni Rivera Milan
27%
1964 9 Italy Gianni Rivera Milan
27%
1963 2 Italy Gianni Rivera Milan
27%
1962 6 Italy Gianni Rivera Milan
27%
1990 3 Germany Andreas Brehme Inter Milan
26%
2000 8 Spain Gaizka Mendieta Valencia
26%
1995 6 Italy Gianfranco Zola Parma
26%
1986 1 Soviet Union Igor Belanov Dynamo Kyiv
24%
1996 9 France Youri Djorkaeff Inter Milan
24%
1981 5 Soviet Union Oleg Blokhin Dynamo Kyiv
23%
1975 1 Soviet Union Oleg Blokhin Dynamo Kyiv
23%
1961 9 Spain Paco Gento Real Madrid
23%
1959 8 Spain Paco Gento Real Madrid
23%
1987 2 Portugal Paulo Futre Porto/Atletico Madrid
23%
1983 3 Denmark Allan Simonsen Vejle
22%
1978 8 Denmark Allan Simonsen Borussia Monchengladbach
22%
1977 1 Denmark Allan Simonsen Borussia Monchengladbach
22%
1972 7 England Gordon Banks Stoke City
21%
1970 8 England Gordon Banks Stoke City
21%
1962 1 Czechoslovakia Josef Masopust Dukla Prague
21%
1961 10 Czechoslovakia Josef Masopust Dukla Prague
21%
1997 9 Germany Jurgen Kohler Borussia Dortmund
21%
1961 1 Italy Omar Sivori Juventus
21%
1960 9 Italy Omar Sivori Juventus
21%
1990 4 England Paul Gascoigne Tottenham Hotspur
21%
1994 4 Sweden Tomas Brolin Parma
21%
1984 2 France Jean Tigana Bordeaux
20%
1985 6 Poland Zbigniew Boniek Roma
20%
1982 3 Poland Zbigniew Boniek Juventus
20%
1979 9 Poland Zbigniew Boniek Widzew Lodz
20%
1985 3 West Germany Bernd Schuster Barcelona
19%
1982 10 West Germany Bernd Schuster Barcelona
19%
1981 3 West Germany Bernd Schuster Barcelona
19%
1980 2 West Germany Bernd Schuster Barcelona
19%
1977 10 England Emlyn Hughes Liverpool
19%
1991 7 Italy Gianluca Vialli Sampdoria
19%
1988 7 Italy Gianluca Vialli Sampdoria
19%
1987 8 Italy Gianluca Vialli Sampdoria
19%
1974 5 Netherlands Johan Neeskens Barcelona
19%
1991 9 Wales Mark Hughes Manchester United
19%
1981 2 West Germany Paul Breitner Bayern Munich
19%
1975 8 West Germany Paul Breitner Real Madrid
19%
1974 4 West Germany Paul Breitner Bayern Munich
19%
1990 2 Italy Salvatore Schillaci Juventus
19%
2004 5 Greece Theodoros Zagorakis AEK Athens/Bologna
19%
1958 6 England Billy Wright Wolverhampton Wanderers
17%
1957 2 England Billy Wright Wolverhampton Wanderers
17%
1956 9 England Billy Wright Wolverhampton Wanderers
17%
1991 10 England Chris Waddle Marseille
17%
1994 9 Yugoslavia Dejan Savicevic Milan
17%
1991 2 Yugoslavia Dejan Savicevic Crvena Zvezda
17%
1975 5 West Germany Sepp Maier Bayern Munich
17%
1984 9 France Alain Giresse Bordeaux
16%
1982 2 France Alain Giresse Bordeaux
16%
1968 5 Italy Giacinto Facchetti Inter Milan
16%
1965 2 Italy Giacinto Facchetti Inter Milan
16%
1968 10 England Jimmy Greaves Tottenham Hotspur
16%
1964 6 England Jimmy Greaves Tottenham Hotspur
16%
1963 3 England Jimmy Greaves Tottenham Hotspur
16%
1962 7 England Jimmy Greaves Tottenham Hotspur
16%
1962 8 Wales John Charles Juventus/Leeds United/Roma
16%
1961 8 Wales John Charles Juventus
16%
1960 7 Wales John Charles Juventus
16%
1959 3 Wales John Charles Juventus
16%
1958 4 Wales John Charles Juventus
16%
1957 6 Wales John Charles Leeds United/Juventus
16%
1989 5 England Peter Shilton Derby County
16%
1978 10 England Peter Shilton Nottingham Forest
16%
1970 10 West Germany Uwe Seeler Hamburg
16%
1963 7 West Germany Uwe Seeler Hamburg
16%
1961 6 West Germany Uwe Seeler Hamburg
16%
1960 3 West Germany Uwe Seeler Hamburg
16%
1987 6 England John Barnes Liverpool
15%
1996 10 Czech Republic Karel Poborsky Slavia Prague/Manchester United
15%
1956 8 Hungary Sandor Kocsis Budapest Honved
15%
2002 9 Turkey Yildiray Basturk Bayer Leverkusen
15%
1997 6 Germany Andreas Moller Borussia Dortmund
14%
1987 9 England Bryan Robson Manchester United
14%
1985 9 England Bryan Robson Manchester United
14%
1984 10 England Bryan Robson Manchester United
14%
1983 10 England Bryan Robson Manchester United
14%
1989 10 Belgium Michel Preud'homme Mechelen
14%
1979 3 Netherlands Ruud Krol Ajax
14%
1978 6 Netherlands Ruud Krol Ajax
14%
1993 9 Switzerland Stephane Chapuisat Borussia Dortmund
14%
1992 9 Switzerland Stephane Chapuisat Borussia Dortmund
14%
1971 2 Italy Sandro Mazzola Inter Milan
13%
1970 8 Italy Sandro Mazzola Inter Milan
13%
1967 10 Italy Sandro Mazzola Inter Milan
13%
1965 8 Italy Sandro Mazzola Inter Milan
13%
1993 4 Croatia Alen Boksic Lazio
12%
1992 10 Belgium Enzo Scifo Torino
12%
1990 6 Belgium Enzo Scifo Auxerre
12%
1978 3 Netherlands Rob Rensenbrink Anderlecht
12%
1977 7 Netherlands Rob Rensenbrink Anderlecht
12%
1976 2 Netherlands Rob Rensenbrink Anderlecht
12%
1992 4 Germany Thomas Haßler Roma
12%
1957 3 England Duncan Edwards Manchester United
11%
1974 6 Poland Grzegorz Lato Stal Mielec
11%
1959 9 West Germany Helmut Rahn Rot-Weiss Essen/Koln
11%
1958 2 West Germany Helmut Rahn Rot-Weiss Essen
11%
1983 6 Belgium Jean-Marie Pfaff Bayern Munich
11%
1991 2 Yugoslavia Darko Pancev Crvena Zvezda
10%
1973 9 West Germany Gunter Netzer Borussia Monchengladbach/Real Madrid
10%
1972 2 West Germany Gunter Netzer Borussia Monchengladbach
10%
1971 4 West Germany Gunter Netzer Borussia Monchengladbach
10%
1978 2 Austria Hans Krankl Barcelona
10%
1984 7 West Germany Harald Schumacher Koln
10%
1975 7 West Germany Jupp Heynckes Borussia Monchengladbach
10%
1986 4 France Manuel Amoros Monaco
10%
1987 4 Spain Michel Real Madrid
10%
1986 4 Denmark Preben Elkjær Hellas Verona
10%
1985 2 Denmark Preben Elkjær Hellas Verona
10%
1984 3 Denmark Preben Elkjær Hellas Verona
10%
1994 7 Sweden Thomas Ravelli Goteborg
10%
1977 10 West Germany Berti Vogts Borussia Monchengladbach
9%
1975 4 West Germany Berti Vogts Borussia Monchengladbach
9%
1974 10 West Germany Berti Vogts Borussia Monchengladbach
9%
1967 3 Scotland Jimmy Johnstone Celtic
9%
1991 5 Yugoslavia Robert Prosinecki Crvena Zvezda/Real Madrid
9%
1980 5 Belgium Jan Ceulemans Club Brugge
8%
1957 5 Hungary Laszlo Kubala Barcelona
8%
1968 7 Spain Amancio Varela Real Madrid
7%
1964 3 Spain Amancio Varela Real Madrid
7%
1982 5 Italy Bruno Conti Roma
7%
1993 8 Bulgaria Emil Kostadinov Porto
7%
1983 5 West Germany Felix Magath Hamburg
7%
1974 3 Poland Kazimierz Deyna Legia Warsaw
7%
1973 6 Poland Kazimierz Deyna Legia Warsaw
7%
1972 6 Poland Kazimierz Deyna Legia Warsaw
7%
1982 7 West Germany Pierre Littbarski Koln
7%
1986 10 Italy Alessandro Altobelli Inter Milan
6%
1989 6 Yugoslavia Dragan Stojkovic Crvena Zvezda
6%
1971 10 Hungary Ferenc Bene Ujpest
6%
1966 6 Hungary Ferenc Bene Ujpest
6%
1984 6 Scotland Graeme Souness Sampdoria
6%
1963 6 West Germany Karl-Heinz Schnellinger Koln/Mantova
6%
1962 3 West Germany Karl-Heinz Schnellinger Koln
6%
1965 4 Belgium Paul Van Himst Anderlecht
6%
1964 5 Belgium Paul Van Himst Anderlecht
6%
1978 4 Italy Roberto Bettega Juventus
6%
1977 4 Italy Roberto Bettega Juventus
6%
1959 5 Sweden Agne Simonsson Orgryte
5%
1974 9 Scotland Billy Bremner Leeds United
5%
1973 5 Scotland Billy Bremner Leeds United
5%
1970 6 Yugoslavia Dragan Dzajic Crvena Zvezda
5%
1968 3 Yugoslavia Dragan Dzajic Crvena Zvezda
5%
1983 4 Scotland Gordon Strachan Aberdeen
5%
1990 10 Germany Guido Buchwald Stuttgart
5%
1983 8 Denmark Jesper Olsen Ajax
5%
1981 9 Ireland Liam Brady Juventus
5%
1980 8 Ireland Liam Brady Juventus
5%
1979 7 Ireland Liam Brady Arsenal
5%
1963 8 Italy Giovanni Trapattoni Milan
4%
1976 3 Czechoslovakia Ivo Viktor Dukla Prague
4%
1961 3 England Johnny Haynes Fulham
4%
1958 7 England Johnny Haynes Fulham
4%
1987 10 West Germany Klaus Allofs Marseille
4%
1991 8 Romania Miodrag Belodedici Crvena Zvezda
4%
1985 9 Soviet Union Rinat Dasayev Spartak Moscow
4%
1983 6 Soviet Union Rinat Dasayev Spartak Moscow
4%
1982 6 Soviet Union Rinat Dasayev Spartak Moscow
4%
1970 10 Netherlands Rinus Israel Feyenoord
4%
1979 7 England Trevor Francis Nottingham Forest
4%
1984 5 Portugal Fernando Chalana Bordeaux
3%
1980 6 West Germany Horst Hrubesch Hamburg
3%
1981 9 Scotland John Wark Ipswich Town
3%
1971 6 Yugoslavia Josip Skoblar Marseille
3%
1977 6 West Germany Klaus Fischer Schalke
3%
1980 10 West Germany Manfred Kaltz Hamburg
3%
1979 4 West Germany Manfred Kaltz Hamburg
3%
1958 8 Sweden Nils Liedholm Milan
3%
1972 5 Netherlands Piet Keizer Ajax
3%
1971 9 Netherlands Piet Keizer Ajax
3%
1974 10 Sweden Ralf Edstrom PSV
3%
1973 9 Sweden Ralf Edstrom Atvidaberg/PSV
3%
1978 6 Sweden Ronnie Hellstrom Kaiserslautern
3%
1977 10 Ireland Steve Heighway Liverpool
3%
1965 8 Soviet Union Valery Voronin Torpedo Moscow
3%
1964 10 Soviet Union Valery Voronin Torpedo Moscow
3%
1972 7 Poland Wlodzimierz Lubanski Gornik Zabrze
3%
1970 5 West Germany Wolfgang Overath Koln
3%
1975 9 England Colin Todd Derby County
2%
1961 10 Austria Gerhard Hanappi Rapid Vienna
2%
1987 10 Sweden Glenn Hysen Fiorentina
2%
1961 10 Hungary Gyula Grosics Tatabanya
2%
1985 8 West Germany Hans-Peter Briegel Hellas Verona
2%
1986 8 Romania Helmuth Duckadam Steaua Bucharest
2%
1961 10 Spain Jose Santamaria Real Madrid
2%
1957 9 Hungary Jozsef Bozsik Budapest Honved
2%
1956 6 Hungary Jozsef Bozsik Budapest Honved
2%
1958 4 Sweden Kurt Hamrin Padova/Fiorentina
2%
1964 7 Italy Mario Corso Inter Milan
2%
1971 8 England Martin Chivers Tottenham Hotspur
2%
1988 8 Soviet Union Oleksandr Zavarov Juventus
2%
1986 6 Soviet Union Oleksandr Zavarov Dynamo Kyiv
2%
1969 4 Sweden Ove Kindvall Feyenoord
2%
1976 9 West Germany Rainer Bonhof Borussia Monchengladbach
2%
1974 8 Poland Robert Gadocha Legia Warsaw
2%
1967 6 Scotland Tommy Gemmell Celtic
2%
1980 4 Belgium Wilfried Van Moer Beveren
2%
1970 10 Soviet Union Albert Shesternyov CSKA Moscow
1%
1976 6 Czechoslovakia Anton Ondrus Slovan Bratislava
1%
1972 7 Netherlands Barry Hulshoff Ajax
1%
1962 4 Yugoslavia Dragoslav Sekularac Crvena Zvezda
1%
1961 10 Yugoslavia Dragoslav Sekularac Crvena Zvezda
1%
1977 9 Romania Dudu Georgescu Dinamo Bucharest
1%
1975 10 Romania Dudu Georgescu Dinamo Bucharest
1%
1957 7 Soviet Union Eduard Streltsov Torpedo Moscow
1%
1956 7 Austria Ernst Ocwirk Austria Vienna/Sampdoria
1%
1965 8 Bulgaria Georgi Asparuhov Levski Sofia
1%
1958 8 Northern Ireland Harry Gregg Manchester United
1%
1980 7 Austria Herbert Prohaska Inter Milan
1%
1960 9 West Germany Horst Szymaniak Karlsruher
1%
1959 10 West Germany Horst Szymaniak Wuppertaler/Karlsruher
1%
1958 8 West Germany Horst Szymaniak Wuppertaler
1%
1957 9 Soviet Union Igor Netto Spartak Moscow
1%
1976 7 Yugoslavia Ivan Curkovic Saint-Etienne
1%
1956 9 Bulgaria Ivan Kolev CDNA Sofia
1%
1967 10 Hungary Janos Farkas Vasas
1%
1966 9 Hungary Janos Farkas Vasas
1%
1962 5 Belgium Jef Jurion Anderlecht
1%
1961 10 Portugal Jose Aguas Benfica
1%
1974 10 East Germany Jurgen Sparwasser Magdeburg
1%
1959 6 Hungary Lajos Tichy Budapest Honved
1%
1962 8 Yugoslavia Milan Galic Partizan Belgrade
1%
1985 7 Soviet Union Oleg Protasov Dnipro Dnipropetrovsk
1%
1988 4 Soviet Union Oleksiy Mykhaylychenko Dynamo Kyiv
1%
1969 9 Bulgaria Petar Zhekov CSKA Sofia
1%
1969 8 Italy Pierino Prati Milan
1%
1981 7 Soviet Union Ramaz Shengelia Dinamo Tbilisi
1%
1975 6 Netherlands Ruud Geels Ajax
1%
1977 7 Hungary Tibor Nyilasi Ferencvaros
1%
1957 8 England Tommy Taylor Manchester United
1%
1979 9 Czechoslovakia Zdenek Nehoda Dukla Prague
1%
1981 8 Soviet Union Alexsandr Chivadze Dinamo Tbilisi
0%
1967 9 Soviet Union Igor Chislenko Dynamo Moscow
0%
1962 10 Hungary Janos Gorocs Ujpest
0%
1976 9 Czechoslovakia Marian Masny Slovan Bratislava
0%
1956 9 France Thadee Cisowski Paris
0%
No matching quizzes found
Score Distribution
Percent of People with Each Score
Percentile by Number Answered
Your Score History
You have not taken this quiz